| 000 | 01109nam a2200229Ia 4500 | ||
|---|---|---|---|
| 999 |
_c40947 _d40947 |
||
| 001 | 7594 | ||
| 003 | GE_BSU | ||
| 005 | 20230410120415.0 | ||
| 008 | 181216s ||||ge |||||||||||||| ||geo|| | ||
| 020 | _a9789941409721 | ||
| 040 | _cGE_BSU | ||
| 041 | _ageo | ||
| 080 | _a81.133.1 ს-52 | ||
| 100 |
_aსიორიძე, მარინა _917571 |
||
| 245 |
_aუნივერსალური ლინგვოკულტურული კონცეპტები ფრანგულ და იტალიურ ენებში / _cმარინა სიორიძე ; რედ. ლია ლორია. |
||
| 264 |
_aბათუმი : _bბსუ-ს გამ-ბა, _c2009. |
||
| 300 |
_a146 გვ. ; _c20 სმ. |
||
| 504 | _aბიბლიოგრ. : გვ.135-143 | ||
| 653 | _aუნივერსალური ლინგვოკულტურული კონცეპტები ფრანგულ და იტალიურ ენებში. | ||
| 700 |
_aლორია, ლია _eრედაქტორი _917572 |
||
| 942 |
_cBK _2udc |
||